Resultats thérapeutiques et hygiéniques de l'hospitalisation interne et extérne des malades atteints d'affections cutanées vénériennes et syphilitiques / (Record no. 28650)

MARC details
000 -LEADER
campo de control de longitud fija 00847nam a2200193 i 4500
001 - NÚMERO DE CONTROL
campo de control 28650
003 - IDENTIFICADOR DE NÚMERO DE CONTROL
campo de control ES-MaACL
005 - FECHA Y HORA DE LA ÚLTIMA TRANSACCIÓN
campo de control 20251017063043.0
007 - CAMPO FIJO DE DESCRIPCIÓN FÍSICA--INFORMACIÓN GENERAL
campo de control de longitud fija t|
008 - DATOS DE LONGITUD FIJA--INFORMACIÓN GENERAL
campo de control de longitud fija 030117s1894 sp ||||1| fre d
100 1# - ENTRADA PRINCIPAL--NOMBRE DE PERSONA
Nombre de persona Azúa y Suárez, Juan de,
Fechas asociadas al nombre 1858-1922
9 (RLIN) 141521
245 10 - MENCIÓN DEL TÍTULO
Título Resultats thérapeutiques et hygiéniques de l'hospitalisation interne et extérne des malades atteints d'affections cutanées vénériennes et syphilitiques /
Mención de responsabilidad, etc. par le docteur Azúa.
260 ## - PUBLICACIÓN, DISTRIBUCIÓN, ETC.
Lugar de publicación, distribución, etc. Madrid :
Nombre del editor, distribuidor, etc. [s.n.],
Fecha de publicación, distribución, etc. 1894 (
Fabricante Est. tip. de Ulpiano Gómez Pérez)
300 ## - DESCRIPCIÓN FÍSICA
Extensión 7 p. ;
Dimensiones 23 cm.
594 ## - Nota al título y mención de responsabilidad
Nota al título y mención de responsabilidad Precede al tít.: Au Congres International de Medicine de Rome.
650 #7 - PUNTO DE ACCESO ADICIONAL DE MATERIA--TÉRMINO DE MATERIA
Término de materia o nombre geográfico como elemento de entrada Enfermedades de transmisión sexual
Fuente del encabezamiento o término embne
9 (RLIN) 12260
852 ## - LOCALIZACIÓN
Ubicación ES-MaACL
Número de control de estantería T-856-F-10
Nota libre .- Enc. en un vol. facticio conservando la enc. original
Holdings
Estatus retirado Estado de pérdida Estado de daño No para préstamo Colección Biblioteca de origen Biblioteca actual Ubicación en estantería Fecha de adquisición Fuente de adquisición Total de préstamos Signatura topográfica completa Código de barras Visto por última vez Precio de reemplazo Tipo de ítem Koha
        Colección de folletos Biblioteca del Ateneo de Madrid Biblioteca del Ateneo de Madrid Depósito folletos 17/01/2008     T-856-F-10 1029581 23/02/2023 23/02/2023 Folleto